00499nam a2200193 a 4500001001300000003000900013005001700022008004100039020000900080082002000089100001700109245003000126260004000156300000900196500003500205505002900240650001900269700001700288nice12345678IN_TiNIC20260116014238.0050524s2004 newa grp 000 0 urd  ac5000a305.480297bISR aIsrar, Ahmad aIslam Mein Aurat Ka Muqam aNew DelhibAreeb Publicationsc2004 a150p aincludes index and biblioraphy2 aConclusion, Bibliography aWomen in Islam1 aIsrar, Ahmad